01233nam a2200265 i 4500001001000000003000900010005001700019007000300036008004100039040003000080041000800110082002400118100004500142245015000187264006700337300005900404336002700463337003300490338002800523505022700551651006300778651005700841700003400898700003500932000032493DO-SdBNP20260602153144.0ta110718d1982 dr ac 000 0 spa d aDO-SdBNPbspacBNPHUerda aspa a972.9323bR696a2231 aRodríguez Bonilla, Manueleautor4aut.10aAlbum histórico de Mao :b100 años de vida municipal /cManuel Rodríguez Bonilla, Francisco Antonio Bonilla ; fotografía, Leonel Castillo aMao, República Dominicana :b[editor no identificado],c1982 a68 páginas :bilustraciones, retratos. ;c22 x 23 cm 2rdacontentatextobtxt 2rdamediaasin mediaciónbn 2rdacarrieravolumenbnc aLibro de fotografías históricas de Mao y sus munícipes preparado y publicado por Manuel Rodríguez Bonilla y Francisco Antonio Bonilla (Quiquito) en 1982 al celebrar el municipio de Mao 100 años de su fundación. aMao (Valverde, República Dominicana)xHistoriaySiglo XX aMao (Valverde, República Dominicana)xAniversarios1 aBonilla, Antonio4aut.eautor1 aCastillo, Leonel efotógrafo